| 000 | 01068nam a22003017a 4500 | ||
|---|---|---|---|
| 003 | CHAP | ||
| 005 | 20220329134104.0 | ||
| 008 | 971013s1973 r 00010 d | ||
| 010 | _a15219 | ||
| 011 | _a16191 | ||
| 035 | _a20269 | ||
| 040 | _cCHAP | ||
| 090 | _aTesis | ||
| 100 | 0 | 0 |
_aBerlanga Flores, José Luis. _911821 |
| 245 | _aEstudio económico de la producción de huevo fértil en la granja "El Condado" del municipio de Arteaga, Coahuila | ||
| 260 |
_aCd. Victoria, Tams. : _bEl autor, _c1973 |
||
| 300 |
_as.p. _b; gráfs. |
||
| 502 | _aTesis (Médico Veterinario Zootecnista) -- Universidad Autónoma de Tamaulipas. Facultad de Medicina Veterinaria y Zootecnia | ||
| 590 |
_aALEPH _b10 _c20130110 _lUCH01 _h1237 |
||
| 590 |
_aBATCH-UPD _b10 _c20130110 _lUCH01 _h1733 |
||
| 590 |
_aBATCH-UPD _b10 _c20130410 _lUCH01 _h1114 |
||
| 590 |
_aBATCH-UPD _b10 _c20130914 _lUCH01 _h1626 |
||
| 590 |
_aCONVERSION _b10 _c20130109 _lUCH01 _h1310 |
||
| 650 | 1 | 4 |
_aHuevos _xProducción. _956759 |
| 901 | _aBK | ||
| 942 | _cTESIS | ||
| 949 |
_bBC _cTES _d-47298 _eTS1 _i20269 _si |
||
| 999 |
_c15219 _d15219 |
||